Stavebníctvo
Z obsahu: S prípravou nového stavebného zákona nesúhlasia architekti, stavební inžinieri ani podnikatelia. Za dva roky zdražela výstavba zateplených družstevných bytov v Šamoríne o 80 percent. Pri rýchlom tempe výstavby nestačia objekty vyschnúť. Syndróm chorej budovy pod drobnohľadom.
Salvato in:
| Autore principale: | |
|---|---|
| Natura: | Capitolo di libro |
| Lingua: | slovacco |
| Soggetti: | |
| Tags: |
Nessun Tag, puoi essere il primo ad aggiungerne!!
|
MARC
| LEADER | 00000naa a2200000 4500 | ||
|---|---|---|---|
| 001 | r027409 | ||
| 005 | 20230921081102.8 | ||
| 041 | 0 | |a slo | |
| 044 | |a SK | ||
| 245 | 1 | 0 | |a Stavebníctvo |c D. Zverková |
| 520 | |a Z obsahu: S prípravou nového stavebného zákona nesúhlasia architekti, stavební inžinieri ani podnikatelia. Za dva roky zdražela výstavba zateplených družstevných bytov v Šamoríne o 80 percent. Pri rýchlom tempe výstavby nestačia objekty vyschnúť. Syndróm chorej budovy pod drobnohľadom. | ||
| 610 | 2 | 0 | |a stavebníctvo |
| 610 | 2 | 0 | |a byty |
| 610 | 2 | 0 | |a výstavba bytová |
| 610 | 2 | 0 | |a inžinieri |
| 610 | 2 | 0 | |a podnikatelia |
| 610 | 2 | 0 | |a zákony |
| 610 | 2 | 0 | |a Slovensko |
| 100 | 1 | |a Zverková, Daniela | |